000 00430nam a2200193Ia 4500
003 0100
008 130303s9999 xx 000 0 und d
040 _cARRUPELIB
050 _aBS2775.3.D3
100 _aDavies, John Howard
245 2 _aA letter to Hebrews
260 _aLondon
260 _bCambridge U.P
260 _C1967
300 _avii
300 _b 146p. 21cm.
700 _aJohn Howard Davies
942 0 0 _01
999 _c37206
_d37206